000 00636nam a2200217Ii 4500
003 JO-AjNU
008 230605s9999||||xx |||||||||||||| ||und||
017 _a2002/4/1073
040 _aJO-AjNU
_bara
_erda
_cJO-AjNU
041 _aara
050 1 4 _aBP161.2.A5322 2002
100 3 _aالقضاة، أحمد مصطفى,
_eauthor
_941085
245 0 0 _aخواطر من القرآن
250 _aط1
264 3 1 _aاربد: المؤلف، 2002
300 _a159ص
336 _atext
_btxt
_2rdacontent
337 _aunmediated
_bn
_2rdamedia
338 _avolume
_bnc
_2rdacarrier
650 4 _aالقرآن- مباحث عامة
_941086
999 _aA17488
_c21056
_d21056